[Event "MNT-chT"]
[Site "Herceg Novi"]
[Date "2025.05.02"]
[Round "2.5"]
[White "Pajkovic, Vladimir"]
[Black "Cadjenovic, Dragan"]
[Result "1-0"]
[WhiteElo "2402"]
[BlackElo "1864"]
[PlyCount "71"]
[EventDate "2025.05.01"]
[EventType "team-tourn"]
[EventRounds "9"]
[EventCountry "MNE"]
[SourceTitle "CB20_2025"]
[SourceDate "2025.05.14"]
[SourceVersion "1"]
[SourceVersionDate "2025.05.14"]
[SourceQuality "1"]
[WhiteTeam "Buducnost"]
[BlackTeam "Prosvjeta"]
[WhiteTeamCountry "MNE"]
[BlackTeamCountry "MNE"]

1. Nf3 d5 2. e3 Nf6 3. c4 c6 4. Nc3 e6 5. Qc2 Bd6 6. d4 0-0 7. Be2 Re8 8. 0-0 Nbd7 9. Rd1 Nf8 10. e4 dxe4 11. Nxe4 Nxe4 12. Qxe4 Qc7 13. c5 Be7 14. Bf4 Qd8 15. b4 Qd5 16. Qe3 Ng6 17. Bg3 Bf6 18. Rac1 Ne7 19. Be5 Nf5 20. Qf4 Qd8 21. Bc7 Qd7 22. Bd3 Ne7 23. Bd6 Nd5 24. Qe4 g6 25. Ne5 Bxe5 26. dxe5 Qd8 27. Qg4 f5 28. exf6 Qxf6 29. Re1 Bd7 30. Be5 Qf7 31. h4 Rf8 32. Rc2 Nf4 33. Be4 Nd5 34. Qg5 Nf6 35. Rd2 Nxe4 36. Rxe4 1-0

[Event "MNT Team Cup"]
[Site "Herceg Novi"]
[Date "2022.05.20"]
[Round "1.3"]
[White "Djukanovic, Mitar"]
[Black "Pajkovic, Vladimir"]
[Result "1/2-1/2"]
[WhiteElo "1851"]
[BlackElo "2429"]
[PlyCount "90"]
[EventDate "2022.05.20"]
[EventType "swiss"]
[EventRounds "5"]
[EventCountry "MNE"]
[SourceTitle "CBM 208 Extra"]
[Source "ChessBase"]
[SourceDate "2022.07.31"]
[SourceVersion "1"]
[SourceVersionDate "2022.07.31"]
[SourceQuality "1"]

1. d4 d5 2. Nc3 Nf6 3. Bf4 e6 4. e3 a6 5. Nf3 c5 6. Ne5 Qb6 7. a3 Nbd7 8. Be2 Be7 9. 0-0 cxd4 10. exd4 0-0 11. Rb1 Nxe5 12. dxe5 Nd7 13. Bd3 Nc5 14. Re1 f5 15. b4 Nxd3 16. Qxd3 Bd7 17. Be3 Qc7 18. Bd4 Rfc8 19. f4 Qc4 20. Qd2 Rc7 21. Re3 Be8 22. Bb6 Rc6 23. Qd4 Qxd4 24. Bxd4 Rc4 25. Rd3 Rac8 26. Rb3 Bd8 27. Kf1 b6 28. b5 axb5 29. Nxb5 Rxc2 30. Nd6 Rc1+ 31. Kf2 Bh4+ 32. Ke3 R8c2 33. Rd2 Ba4 34. Rxc2 Rxc2 35. Rxb6 g5 36. g3 gxf4+ 37. Kxf4 Be7 38. Rb8+ Bf8 39. h4 Rc7 40. h5 Rg7 41. Bc5 Rg4+ 42. Kf3 Rg7 43. Rxf8+ Kxf8 44. Nxf5+ Kf7 45. Nxg7 Kxg7 1/2-1/2

[Event "MNT-chT"]
[Site "Niksic"]
[Date "2018.08.08"]
[Round "2.2"]
[White "Pajkovic, Vladimir"]
[Black "Lazarevic, Zoran1"]
[Result "1-0"]
[WhiteElo "2426"]
[BlackElo "1872"]
[PlyCount "91"]
[EventDate "2018.08.07"]
[EventType "team-tourn"]
[EventRounds "9"]
[EventCountry "MNE"]
[SourceTitle "CBM 186 Extra"]
[Source "ChessBase"]
[SourceDate "2018.08.24"]
[SourceVersion "1"]
[SourceVersionDate "2018.08.24"]
[SourceQuality "1"]
[WhiteTeam "Buducnost"]
[BlackTeam "Rokada"]
[WhiteTeamCountry "MNE"]
[BlackTeamCountry "MNE"]

1. Nf3 d5 2. d4 e6 3. c4 Nf6 4. g3 Bb4+ 5. Bd2 Bxd2+ 6. Nbxd2 0-0 7. Bg2 Nbd7 8. Rc1 Re8 9. 0-0 c6 10. Qc2 e5 11. cxd5 Nxd5 12. Nc4 e4 13. Nfe5 N7f6 14. Qb3 Qe7 15. Qa3 Rd8 16. Qxe7 Nxe7 17. Rfd1 Nf5 18. e3 Nd6 19. b3 Be6 20. Na5 Bd5 21. Bh3 Kf8 22. Nec4 Nfe8 23. Nd2 Ke7 24. Re1 f5 25. Ndc4 Rab8 26. Ne5 g6 27. g4 Nf6 28. gxf5 Nxf5 29. Bxf5 gxf5 30. h3 f4 31. Kh2 Nh5 32. Rg1 Kf6 33. Rg2 f3 34. Rg4 Be6 35. Rh4 Kg5 36. Rxe4 Kf5 37. Rh4 Kg5 38. Re4 Kf5 39. Rh4 Kg5 40. Nxf3+ Kh6 41. Ne5 Rg8 42. f4 Rg7 43. Ng4+ Kg6 44. Rg1 Rbg8 45. Nc4 Bxg4 46. Rgxg4+ 1-0

[Event "MNT CupT final"]
[Site "Cetinje"]
[Date "2018.04.22"]
[Round "2"]
[White "Pajkovic, Vladimir"]
[Black "Ivanovic, Bozidar"]
[Result "1/2-1/2"]
[WhiteElo "2427"]
[BlackElo "2396"]
[PlyCount "70"]
[EventDate "2018.04.21"]
[EventType "team-k.o."]
[EventRounds "2"]
[EventCountry "MNE"]
[SourceTitle "EXT 2019"]
[Source "ChessBase"]
[SourceDate "2018.10.10"]
[SourceVersion "1"]
[SourceVersionDate "2018.10.10"]
[SourceQuality "1"]
[WhiteTeam "Podgorica Buducnost"]
[BlackTeam "Cetinje Crnogorac"]
[WhiteTeamCountry "MNE"]
[BlackTeamCountry "MNE"]

1. Nf3 d5 2. c4 e6 3. g3 Nf6 4. Bg2 dxc4 5. Qc2 Qd5 6. 0-0 Nc6 7. Na3 Bxa3 8. bxa3 e5 9. d3 cxd3 10. exd3 0-0 11. Bb2 Qd6 12. Rfe1 Re8 13. Rad1 Bf5 14. Ng5 Rad8 15. Qb3 Bg6 16. Bc3 b6 17. Qa4 Nd4 18. Bxd4 Qxd4 19. Qxa7 e4 20. Nxe4 Nxe4 21. Bxe4 Bxe4 22. dxe4 Qxd1 23. Rxd1 Rxd1+ 24. Kg2 Rc1 25. a4 Rc4 26. a5 bxa5 27. Qxa5 Rcxe4 28. Qxc7 Ra4 29. h4 Rxa2 30. h5 h6 31. Qd7 Raa8 32. Qb7 Ra5 33. Qd7 Rae5 34. f4 R5e7 35. Qc6 Re6 1/2-1/2

[Event "MNT-chT"]
[Site "Montenegro"]
[Date "2017.09.24"]
[Round "2.5"]
[White "Musovic, Armin"]
[Black "Pajkovic, Vladimir"]
[Result "0-1"]
[WhiteElo "2247"]
[BlackElo "2434"]
[PlyCount "110"]
[EventDate "2017.09.23"]
[EventType "team"]
[EventRounds "9"]
[EventCountry "MNE"]
[SourceTitle "CBM 180 Extra"]
[Source "ChessBase"]
[SourceDate "2017.10.06"]
[SourceVersion "1"]
[SourceVersionDate "2017.10.06"]
[SourceQuality "1"]
[WhiteTeam "Rokada"]
[BlackTeam "Buducnost"]
[WhiteTeamCountry "MNE"]
[BlackTeamCountry "MNE"]

1. e4 e5 2. Nf3 Nc6 3. Nc3 Nf6 4. Bb5 Bd6 5. Bxc6 dxc6 6. d4 exd4 7. Qxd4 0-0 8. Bg5 h6 9. Bh4 Re8 10. 0-0 Qe7 11. Rfe1 Bc5 12. Qd2 Qe6 13. e5 Nd5 14. Ne4 Bf8 15. c4 Nb6 16. b3 Qg6 17. Bg3 Be6 18. Nd4 Bd7 19. Qf4 Bb4 20. Re3 Qg4 21. Qxg4 Bxg4 22. h3 Bd7 23. c5 Nd5 24. Rf3 Ba3 25. Rb1 b6 26. Nc2 Bxc5 27. Nxc5 bxc5 28. Rc1 Be6 29. Ne3 Nb4 30. Rxc5 Nxa2 31. Rxc6 Re7 32. Bh4 Rd7 33. Rg3 Kh7 34. f4 Nb4 35. Rc1 Nd3 36. Rf1 Rd4 37. Bf6 gxf6 38. f5 Bxb3 39. Ng4 fxe5 40. Nf6+ Kh8 41. Ra1 Ba4 42. Rb1 Nc5 43. Rc1 Rd1+ 44. Rxd1 Bxd1 45. Rc3 Kg7 46. Nd5 Ne4 47. Re3 Bc2 48. Nxc7 Rc8 49. Nb5 a6 50. Na3 Nf6 51. Rxe5 Bd3 52. Ra5 Ne4 53. g4 Rc3 54. Kg2 Nd2 55. h4 Nc4 0-1

[Event "MNT-chT"]
[Site "Niksic"]
[Date "2016.08.14"]
[Round "9.5"]
[White "Pajkovic, Vladimir"]
[Black "Tomic, Aleksandar"]
[Result "1-0"]
[WhiteElo "2421"]
[BlackElo "2288"]
[PlyCount "71"]
[EventDate "2016.08.06"]
[EventType "team-tourn"]
[EventRounds "9"]
[EventCountry "MNE"]
[SourceTitle "CBM 173 Extra"]
[Source "ChessBase"]
[SourceDate "2016.08.29"]
[SourceVersion "1"]
[SourceVersionDate "2016.08.29"]
[SourceQuality "1"]

1. Nf3 Nf6 2. c4 e6 3. g3 b6 4. Bg2 Bb7 5. 0-0 Be7 6. Nc3 0-0 7. d4 Ne4 8. Qc2 Nxc3 9. Qxc3 Be4 10. Ne5 Bxg2 11. Kxg2 d5 12. Bf4 f6 13. Nf3 g5 14. Be3 Na6 15. Rfc1 Qd7 16. cxd5 Qxd5 17. Qc4 Qxc4 18. Rxc4 Rfd8 19. Rac1 Rd7 20. a3 c5 21. dxc5 Nxc5 22. b4 Nb7 23. Rc7 Rad8 24. Nd4 Kf7 25. Nb5 a6 26. Na7 b5 27. Nc8 Bd6 28. R7c6 Be5 29. Rxa6 Nd6 30. Nxd6+ Rxd6 31. Rc7+ Kg6 32. Raa7 h5 33. Rcb7 Rd1 34. Bb6 R8d2 35. e4 h4 36. Rg7+ 1-0

[Event "MNT CupT"]
[Site "Niksic"]
[Date "2016.04.24"]
[Round "2.4"]
[White "Pajkovic, Vladimir"]
[Black "Krivokapic, Marko"]
[Result "1-0"]
[WhiteElo "2412"]
[BlackElo "2412"]
[PlyCount "82"]
[EventDate "2016.04.23"]
[EventType "team-tourn"]
[EventRounds "2"]
[EventCountry "MNE"]
[SourceTitle "CBM 172 Extra"]
[Source "ChessBase"]
[SourceDate "2016.06.21"]
[SourceVersion "1"]
[SourceVersionDate "2016.06.21"]
[SourceQuality "1"]
[WhiteTeam "Buducnost"]
[BlackTeam "Rumija"]
[WhiteTeamCountry "MNE"]
[BlackTeamCountry "MNE"]

1. Nf3 d5 2. c4 e6 3. g3 Nf6 4. Bg2 dxc4 5. Qa4+ Nbd7 6. Qxc4 a6 7. Qc2 c5 8. d3 b5 9. a4 Bb7 10. Nc3 Qb6 11. Qb3 b4 12. a5 Qa7 13. Nb1 c4 14. Qxc4 Rc8 15. Be3 Qa8 16. Qb3 Be7 17. 0-0 Bd5 18. Qa4 Bc6 19. Qd1 Ng4 20. Bc1 0-0 21. Nbd2 Bc5 22. h3 Ngf6 23. Nc4 e5 24. e4 Rfe8 25. Bg5 Qb8 26. Rc1 h6 27. Bd2 Qb5 28. Qe2 Bf8 29. Be3 Bb7 30. Rfd1 Nc5 31. Nfxe5 Nb3 32. Rc2 Rxe5 33. Nxe5 Qxe5 34. Rxc8 Bxc8 35. Qc2 Be6 36. d4 Qxa5 37. d5 Nc5 38. dxe6 Nxe6 39. Qc4 Bc5 40. Bxc5 Nxc5 41. e5 Nfd7 1-0

[Event "MNT-chT"]
[Site "Ulcinj"]
[Date "2014.09.25"]
[Round "6.5"]
[White "Balic, Adnan"]
[Black "Pajkovic, Vladimir"]
[Result "0-1"]
[WhiteElo "2100"]
[BlackElo "2415"]
[PlyCount "80"]
[EventDate "2014.09.20"]
[EventType "team-tourn"]
[EventRounds "9"]
[EventCountry "MNE"]
[SourceTitle "CBM 162 Extra"]
[Source "ChessBase"]
[SourceDate "2014.10.17"]
[SourceVersion "1"]
[SourceVersionDate "2014.10.17"]
[SourceQuality "1"]
[WhiteTeam "Ljubomir Djurdjic"]
[BlackTeam "Buducnost"]
[WhiteTeamCountry "MNE"]
[BlackTeamCountry "MNE"]

1. c4 Nf6 2. Nc3 e5 3. e3 Bb4 4. Nge2 0-0 5. g3 Re8 6. Bg2 c6 7. Qb3 Na6 8. 0-0 d6 9. a3 Nc5 10. Qc2 Bxc3 11. Nxc3 a5 12. d4 Ne6 13. Rd1 Qc7 14. d5 Nc5 15. dxc6 bxc6 16. Na4 Bg4 17. f3 Nxa4 18. Qxa4 Be6 19. Bd2 Reb8 20. Qc2 a4 21. Bb4 Rd8 22. e4 c5 23. Be1 Nd7 24. f4 f6 25. f5 Bf7 26. Rab1 Nb8 27. Bf1 Nc6 28. Bf2 Rdb8 29. b3 Bh5 30. Rd3 axb3 31. Rdxb3 Rxb3 32. Rxb3 Bf7 33. Qa2 h6 34. Kg2 Ra4 35. Rc3 Qa7 36. Be2 Qa8 37. Bd1 Ra7 38. Kf3 Nd4+ 39. Bxd4 exd4 40. Rc1 Rxa3+ 0-1

[Event "MNT-chT"]
[Site "Cetinje"]
[Date "2013.07.01"]
[Round "8.5"]
[White "Blagojevic, Tijana"]
[Black "Pajkovic, Vladimir"]
[Result "0-1"]
[WhiteElo "2051"]
[BlackElo "2426"]
[PlyCount "82"]
[EventDate "2013.06.24"]
[EventType "team-tourn"]
[EventRounds "9"]
[EventCountry "MNE"]
[SourceTitle "CBM 155 Extra"]
[Source "ChessBase"]
[SourceDate "2013.08.26"]
[SourceVersion "1"]
[SourceVersionDate "2013.08.26"]
[SourceQuality "1"]
[WhiteTeam "Niksic"]
[BlackTeam "Buducnost"]
[WhiteTeamCountry "MNE"]
[BlackTeamCountry "MNE"]

1. e4 e5 2. Nf3 Nc6 3. Nc3 Nf6 4. d4 Bb4 5. Nxe5 Qe7 6. Qd3 Nxd4 7. Qxd4 Bc5 8. Qd3 Qxe5 9. Be2 d6 10. Be3 Bxe3 11. Qxe3 0-0 12. 0-0 Re8 13. f4 Qa5 14. Bd3 Bd7 15. h3 Bc6 16. a3 Re7 17. Rae1 Rae8 18. Rf2 Bxe4 19. Bxe4 Nxe4 20. Nxe4 Rxe4 21. Qxe4 Qxe1+ 22. Qxe1 Rxe1+ 23. Kh2 Kf8 24. Rd2 Re3 25. Kg1 Re4 26. g3 h5 27. Kf2 Ke7 28. Kf3 Re1 29. Kf2 Rh1 30. Kg2 Rb1 31. c3 c6 32. Kf3 f5 33. Rg2 Rf1+ 34. Ke3 Rh1 35. h4 Re1+ 36. Kd3 Ke6 37. c4 a5 38. b3 g6 39. Rb2 Kd7 40. Rf2 a4 41. Rb2 Rg1 0-1